000
00307nam a22001337a 4500
008
181010b xxu||||| |||| 00| 0 eng d
020
_a
047115797-X
041
_a
eng
080
_a
371
100
_a
25
101
_a
EDU
245
_a
Handbook of Behavioral of Assessment
_c
Ciminero,A.R
942
_2
udc
_c
BK
999
_c
49265
_d
49265